000 00313nam a22001337a 4500
008 180917b xxu||||| |||| 00| 0 eng d
020 _a0875814174
041 _aeng
080 _a159.9
100 _a49
101 _aPSI
245 _aTactocs In Counseling And Psychotherapy
_cMosak.H.H
942 _2udc
_cBK
999 _c47865
_d47865